000 01623nam a2200397 c 4500
001 53726
003 ES-MaCES
005 20250529113752.0
008 250529s2025 sp l o000 | spa d
017 _aM 3082-2002
_bDL
020 _a9788447612147
024 7 _a225-24-013-7
_2nipo MINHAC
024 7 _a221-24-009-9
_2nipo MINCECO
040 _aES-MaCES
_bspa
_cES-MaCES
110 1 _aEspaña
_bMinisterio de Hacienda y Función Pública
_938369
245 1 0 _aIRPF estimación objetiva, IVA régimen simplificado
260 _a[Madrid]
_bMinisterio de Hacienda
_bMinisterio de Economía, Comercio y Empresa
_c2025
300 _a130 p.
_c17 cm
490 1 _aTextos legales / separata del Boletín Oficial de los Ministerios de Hacienda y de Economía, Comercio y Empresa
_v2-2025
500 _aÍndices
541 _cGratuito
650 4 _aimpuesto sobre la renta de personas físicas
_928084
650 4 _aimpuesto al valor añadido
_928094
650 4 _aadministración fiscal
_927209
650 4 _alegislación económica
_927161
650 4 _areglamento
_927154
650 4 _aEspaña
_926964
650 4 _atexto
_929624
653 1 0 _aLegislación
710 1 _aEspaña
_bMinisterio de Hacienda y Función Pública
_eed.
_938369
710 1 _939704
_aEspaña
_bMinisterio de Asuntos Ecónomicos y Transformación Digital
775 0 _tIRPF estimación objetiva, IVA régimen simplificado
_w(ES-MaCES)53287
830 0 _aTextos legales / separata del Boletín Oficial de los Ministerios de Hacienda y de Economía, Comercio y Empresa
_v2-2025
_940950
902 _aLIB Libro
942 _2CES
_cBK
_h6.1.
999 _c53726
_d53726